00316pam a2200145a 44500008003800000020001500038041000900053082001400062100004100076245000900117250001000126260002200136300000600158650000600164230515b0 xxu||||| |||| 00| 0 eng d a1987-03-31 aNULL a"""005.43 aA USERS GUIDE TO THE UNIX TM SYSTEMS aNULL aMc. G a83.3bTHOMS R.c0 a0 a0